Statistiken für Dinge die mit W anfangen (Kenshin Edition)

Klicken Sie hier um das Quiz zu spielen!

Allgemein

  • Dieses Quiz wurde 176 mal gespielt
  • Das Durchschnittsergebnis liegt bei 14 aus 16

Antwortstatistiken

Antwort% Korrekt
Wal
100%
Wald
100%
Wassermelone
100%
Weintraube
100%
Waffel
99%
Wurst
99%
Walross
94%
Waschbär
94%
Washington
89%
Weißrussland
89%
Wut
88%
Wien
87%
Wolfgang Amadeus Mozart
86%
Wanze
65%
Wario
62%
Wallonien/Wallonie
40%

Verteilung der Resultate

Perzentil nach korrekt beantworteten Fragen

Anzahl Personen mit jedem Resultat

Ihre Resultats-Entwicklung

Sie haben dieses Quiz noch nicht gespielt